书目信息 |
| 题名: |
中国法律发展报告
|
|
| 作者: | 朱景文 主编 | |
| 分册: | ||
| 出版信息: | 北京 中国人民大学出版社 2007.06 |
|
| 页数: | 34, 626页 | |
| 开本: | 26cm | |
| 丛书名: | ||
| 单 册: | ||
| 中图分类: | D920.4 | |
| 科图分类: | ||
| 主题词: | 法律--fa lu--研究--中国 | |
| 电子资源: | ||
| ISBN: | 978-7-300-08194-6 | |
| 000 | 01162nam0 2200265 450 | |
| 001 | 012008871740 | |
| 005 | 20080424113914.35 | |
| 010 | @a978-7-300-08194-6@dCNY128.00 | |
| 100 | @a20080424d2007 em y0chiy0120 ea | |
| 101 | 0 | @achi |
| 102 | @aCN@b110000 | |
| 105 | @aa z 000yy | |
| 106 | @ar | |
| 200 | 1 | @a中国法律发展报告@Azhong guo fa lu fa zhan bao gao@e数据库和指标体系@d= Report on China law development@edatabase and indicators@f朱景文主编@Fzhu jing wen zhu bian@zeng |
| 210 | @a北京@c中国人民大学出版社@d2007.06 | |
| 215 | @a34, 626页@c图@d26cm | |
| 300 | @a本书系洪范法律与经济研究所“中国法律与发展”项目研究成果 | |
| 330 | @a本书通过社会指标和相关分析的方法,对改革开放以来近三十年中国法律发展的各个方面,包括立法、法律实施、法学教育与法学研究的基本情况及与社会发展的关系进行总体研究,从中央和地方两个层次把握法律发展的基本状况。 | |
| 510 | 1 | @aReport on China law development@edatabase and indicators@zeng |
| 517 | 1 | @a数据库和指标体系@Ashu ju ku he zhi biao ti xi |
| 606 | 0 | @a法律@Afa lu@x研究@y中国 |
| 690 | @aD920.4@v4 | |
| 701 | 0 | @a朱景文@Azhu jing wen@4主编 |
| 801 | 0 | @aCN@bQSSK@c20080424 |
| 905 | @b296990@dD920.4@eZ857@f1 | |
| 中国法律发展报告:数据库和指标体系= Report on China law development:database and indicators/朱景文主编.-北京:中国人民大学出版社,2007.06 |
| 34, 626页:图;26cm |
| 本书系洪范法律与经济研究所“中国法律与发展”项目研究成果 |
| ISBN 978-7-300-08194-6:CNY128.00 |
| 本书通过社会指标和相关分析的方法,对改革开放以来近三十年中国法律发展的各个方面,包括立法、法律实施、法学教育与法学研究的基本情况及与社会发展的关系进行总体研究,从中央和地方两个层次把握法律发展的基本状况。 |
| ● |
| 相关链接 |
|
|
|
正题名:中国法律发展报告
索取号:D920.4/Z857
 
预约/预借
| 序号 | 登录号 | 条形码 | 馆藏地/架位号 | 状态 | 备注 |
| 1 | 296990 | 202969902 | 社科库509/509社科库 83排7列5层/ [索取号:D920.4/Z857] | 在馆 |